|
|
แสดงรายละเอียดบรรณานุกรม |
|
|
Brief Record
: Get Marc (ISO 2709)
: E-mail record
: |
|
|
| LEADER 00000nama 2200000uu 4500 | |||
| 001 202453 | |||
| 003 ULIBM | |||
| 008 040531s|||| th m m a000 0 tha d | |||
| 020 978-0-7817-9427-5 | |||
| 041 eng | |||
| 050 WL101 S671c 2010 | |||
| 100 Snell,Richard S. | |||
| 245 Clinical Neuroanatomy/Richard S. Snell. | |||
| 250 7 th ed. | |||
| 260 Philadelphia. Wolters Kluwer/Lippincott Williams & Wilkins. 2010. | |||
| 300 542 p. | |||
| 650 1.Neuroanatomy 2.Nervous system--anatomy & histology. | |||
| 995 001 | |||
| คุณยังไม่ได้ล็อกอิน คุณสามารถมีกิจกรรมร่วมกับเว็บไซต์ได้ แต่ต้องล็อกอินก่อน :: |
|
| สถานะ | |||||||||
| 1. | หนังสือทั่วไป | WL101 S671c 2010 | On Shelf ขอยืม | ||||||
| Note:1,170 | |||||||||
| 2. | หนังสือทั่วไป | WL101 S671c 2010 ฉ.2 | On Shelf ขอยืม | ||||||
| Note:1,170 | |||||||||
| [แสดง 2/2 รายการ] | |||||||||
BibComment |
| คอมเมนท์ทรัพยากรรายการนี้ |
|
|